<?xml version="1.0" encoding="UTF-8"?>
<record
    xmlns:xsi="http://www.w3.org/2001/XMLSchema-instance"
    xsi:schemaLocation="http://www.loc.gov/MARC21/slim http://www.loc.gov/standards/marcxml/schema/MARC21slim.xsd"
    xmlns="http://www.loc.gov/MARC21/slim">

  <leader>01900nam a22004097i 4500</leader>
  <datafield tag="999" ind1=" " ind2=" ">
    <subfield code="c">22841</subfield>
    <subfield code="d">22841</subfield>
  </datafield>
  <controlfield tag="003">AR-CdUCM</controlfield>
  <controlfield tag="008">240422b20102010pe ||||| |||| 00| 0 spa d</controlfield>
  <datafield tag="020" ind1=" " ind2=" ">
    <subfield code="a">978-9972-51-275-9</subfield>
  </datafield>
  <datafield tag="040" ind1=" " ind2=" ">
    <subfield code="a">MUNICIPALIDAD PROVINCIAL DEL CUSCO</subfield>
    <subfield code="c">BIBLIOTECA MUNICIPAL DEL CUSCO</subfield>
  </datafield>
  <datafield tag="082" ind1=" " ind2=" ">
    <subfield code="a">330.985 / C72</subfield>
    <subfield code="b">C72</subfield>
  </datafield>
  <datafield tag="100" ind1=" " ind2=" ">
    <subfield code="a">Mazzeo, Cristina</subfield>
  </datafield>
  <datafield tag="245" ind1=" " ind2=" ">
    <subfield code="a">Guerra, finanzas y regiones en la historia econ&#xF3;mica del Per&#xFA; /</subfield>
  </datafield>
  <datafield tag="260" ind1=" " ind2=" ">
    <subfield code="a">Lima :</subfield>
    <subfield code="b">IEP Instituto de Estudios Peruanos,</subfield>
    <subfield code="c">2010</subfield>
  </datafield>
  <datafield tag="300" ind1=" " ind2=" ">
    <subfield code="a">542 p&#xE1;ginas. :</subfield>
    <subfield code="c">20.5 cm.</subfield>
  </datafield>
  <datafield tag="500" ind1=" " ind2=" ">
    <subfield code="z">Bibliograf&#xED;a: p&#xE1;ginas 538-542.</subfield>
  </datafield>
  <datafield tag="505" ind1=" " ind2=" ">
    <subfield code="a">Historia econ&#xF3;mica del Per&#xFA; -- Los efectos econ&#xF3;micos de la independencia en Arequipa, 1820-1824 -- Costos y beneficios de un imperio: fiscalidad y finanzas de Brasil, 1607-1808</subfield>
  </datafield>
  <datafield tag="650" ind1=" " ind2=" ">
    <subfield code="a">Veinticinco a&#xF1;os de historia econ&#xF3;mica en el Per&#xFA; colonial</subfield>
    <subfield code="9">49638</subfield>
  </datafield>
  <datafield tag="650" ind1=" " ind2=" ">
    <subfield code="a">La historia econ&#xF3;mica del siglo XIX en el Per&#xFA; en los &#xFA;ltimos 25 a&#xF1;os</subfield>
    <subfield code="9">49639</subfield>
  </datafield>
  <datafield tag="650" ind1=" " ind2=" ">
    <subfield code="a">Los estudios sobre la historia econ&#xF3;mica del siglo XX en el Per&#xFA;</subfield>
    <subfield code="9">49640</subfield>
  </datafield>
  <datafield tag="650" ind1=" " ind2=" ">
    <subfield code="a">El sistema econ&#xF3;mico tempranocolonial en el Per&#xFA;: el caso de la regi&#xF3;n de Huamanga, 1539 - 1570</subfield>
    <subfield code="9">49641</subfield>
  </datafield>
  <datafield tag="650" ind1=" " ind2=" ">
    <subfield code="a">Los efectos econ&#xF3;micos de la independencia en Arequipa, 1820-1824</subfield>
    <subfield code="9">49642</subfield>
  </datafield>
  <datafield tag="700" ind1=" " ind2=" ">
    <subfield code="a">Mazzeo, Cristina :</subfield>
    <subfield code="9">49626</subfield>
  </datafield>
  <datafield tag="700" ind1=" " ind2=" ">
    <subfield code="a">Quiroz Chueca, Francisco :</subfield>
    <subfield code="9">49627</subfield>
  </datafield>
  <datafield tag="700" ind1=" " ind2=" ">
    <subfield code="a">Ponce, Luis :</subfield>
    <subfield code="9">49628</subfield>
  </datafield>
  <datafield tag="700" ind1=" " ind2=" ">
    <subfield code="a">Pereyra Ch&#xE1;vez, Nelson E. :</subfield>
    <subfield code="9">49629</subfield>
  </datafield>
  <datafield tag="700" ind1=" " ind2=" ">
    <subfield code="a">Condori, V&#xED;ctor :</subfield>
    <subfield code="9">49630</subfield>
  </datafield>
  <datafield tag="700" ind1=" " ind2=" ">
    <subfield code="a">Irigoin, Mar&#xED;a Alejandra :</subfield>
    <subfield code="9">49631</subfield>
  </datafield>
  <datafield tag="700" ind1=" " ind2=" ">
    <subfield code="a">Alves Carrara, Angelo :</subfield>
    <subfield code="9">49632</subfield>
  </datafield>
  <datafield tag="700" ind1=" " ind2=" ">
    <subfield code="a">Luque Luque, Juvenal :</subfield>
    <subfield code="9">49633</subfield>
  </datafield>
  <datafield tag="700" ind1=" " ind2=" ">
    <subfield code="a">Tantale&#xE1;n Arbul&#xFA;, Javier :</subfield>
    <subfield code="9">49634</subfield>
  </datafield>
  <datafield tag="700" ind1=" " ind2=" ">
    <subfield code="a">Zapata, Antonio :</subfield>
    <subfield code="9">2262</subfield>
  </datafield>
  <datafield tag="700" ind1=" " ind2=" ">
    <subfield code="a">Zuloaga Rada, Marina :</subfield>
    <subfield code="9">44987</subfield>
  </datafield>
  <datafield tag="700" ind1=" " ind2=" ">
    <subfield code="a">Arias Cuba, Ybeth :</subfield>
    <subfield code="9">49635</subfield>
  </datafield>
  <datafield tag="710" ind1=" " ind2=" ">
    <subfield code="a">Guti&#xE9;rrez Rivas, Julissa :</subfield>
    <subfield code="9">49636</subfield>
  </datafield>
  <datafield tag="942" ind1=" " ind2=" ">
    <subfield code="2">ddc</subfield>
    <subfield code="c">LIBROS</subfield>
  </datafield>
  <datafield tag="945" ind1=" " ind2=" ">
    <subfield code="a">pbj</subfield>
    <subfield code="d">2024-04-22</subfield>
  </datafield>
  <datafield tag="952" ind1=" " ind2=" ">
    <subfield code="0">0</subfield>
    <subfield code="2">ddc</subfield>
    <subfield code="4">0</subfield>
    <subfield code="7">0</subfield>
    <subfield code="a">SH</subfield>
    <subfield code="b">SH</subfield>
    <subfield code="c">CART</subfield>
    <subfield code="d">2024-04-22</subfield>
    <subfield code="e">Donaci&#xF3;n</subfield>
    <subfield code="g">30.00</subfield>
    <subfield code="o">330.985 / C72</subfield>
    <subfield code="p">SH0000016666</subfield>
    <subfield code="r">2024-04-22</subfield>
    <subfield code="y">LIBROS</subfield>
  </datafield>
</record>
